| 000 | 00387pab a2200145 454500 | ||
|---|---|---|---|
| 008 | 180718b1983 xxu||||| |||| 00| 0 eng d | ||
| 100 | _aChaudhry, Mahinder D. | ||
| 245 |
_aThe demographic transition in India _bA review article |
||
| 260 | _c1983 | ||
| 300 | _a397-404 | ||
| 362 | _aJan. | ||
| 650 | _aPopulation | ||
| 773 | _aEconomic Development and Cultural Change | ||
| 909 | _a15474 | ||
| 999 |
_c15474 _d15474 |
||